000
00304nam a2200109Ia 4500
008
220204s9999 xx 000 0 und d
082
_a
631.81 (035)
_b
HAN
245
0
_a
Handbook on environmental aspects of fertilizer use
260
_a
London
_b
Martinus Nijhoff
_c
1983
650
_a
Fertilizers
942
_c
BK
999
_c
38009
_d
38009